Normal view
MARC view
- Pullis, Joe M.
Entry Personal Name
001 - CONTROL NUMBER
- control field: 55739
003 - CONTROL NUMBER IDENTIFIER
- control field: OSt
005 - DATE AND TIME OF LATEST TRANSACTION
- control field: 20240402090314.0
008 - FIXED-LENGTH DATA ELEMENTS
- fixed length control field: 240402|| aca||aabn | a|a d
040 ## - CATALOGING SOURCE
- Original cataloging agency: OSt
- Transcribing agency: OSt
100 ## - HEADING--PERSONAL NAME
- Personal name: Pullis, Joe M.
670 ## - SOURCE DATA FOUND
- Source citation: Work cat.: (OSt): Pullis, Joe M., Speedwriting short hand dictation and transcription student transcript /, ©1987.
